Statistics for The characters of Breath of Fire II

Click here to take the quiz!

General Stats

  • This quiz has been taken 20 times
  • The average score is 8 of 9

Answer Stats

HintAnswer% Correct
An anthromorphic dog who is the close companion of the main character.Bow
100%
A staff wielding woman of the Woren clan who fights in the coliseum.Katt
100%
A princess of Windia, exiled for her black wings.Nina
100%
Starting character, a human with the ability to transform into a dragon form.Ryu
100%
A humanoid frog who hails from SimaFort.Jean
86%
A secret character and the only returning member from the first game.Bleu
79%
The large, shelled, powerhouse of the game is first met in the coliseum.Rand
79%
A genderless member of the Grass Clan, first seen as a circus attraction.Spar
71%
A former war hero and deserter from the ape-like Highland tribe.Sten
71%

Score Distribution

Percentile by Number Answered

Percent of People with Each Score

Your Score History

You have not taken this quiz